01324pam a2200361 a 4500001001000000003000400010005001700014008004100031020002500072020002200097020002500119040004000144082001700184245008000201250001200281260008800293300004300381500002500424500002400449500002700473504003100500530002400531650003800555650004500593650003900638650004900677651001000726653002300736700003100759942001700790999001700807952013800824016030395OSt20151111132818.0120208s2012 xxkak frbd 001 0 eng d a9780335243914 (pbk.) a0335243916 (pbk.) z9780335243921 (ebk.) aStDuBDSbengcStDuBDSdUkdEG-ScBUE00a158222bPSY00aPsychology for nurses and the caring professions /cJan Walker ... [et al.] a4th ed. aMaidenhead, United Kingdom :bOpen University Press,bMcGraw-Hill Education,c2012. avii, 302 p. :bforms, tables ;c25 cm. aPrevious ed. : 2007. aIndex : p. 288-302. aGlossary : p. 263-266. aBibliography : p. 267-287. aAlso issued online. 0aPsychology, Applied9126132BUEsh 0aClinical health psychology9373642BUEsh 0aPatientsxPsychology9373652BUEsh 0aNursingxPsychological aspects9373662BUEsh 2BUEsh bNNURcFebruary20151 aWalker, Jan,d1946-937367 2ddck158 PSY c18957d18929 00102ddc40708BaccahaMAINbMAINcLOWd2015-02-10epurchaseg185.00h21291l0o158 PSYp000037386r2025-07-15 00:00:00v231.00yBB